|
|
|
|
| LEADER |
00959nam a2200241 a 4500 |
| 001 |
00013570 |
| 008 |
110716r20041974njua b 001 0 eng d |
| 010 |
|
|
|a 73007566
|
| 020 |
|
|
|a 0133634736
|
| 020 |
|
|
|a 8120301455
|
| 040 |
|
|
|a DLC
|c DLC
|d DLC
|c BD-DhAAL
|
| 082 |
0 |
0 |
|a 511/.5
|2 22
|
| 100 |
1 |
|
|a Deo, Narsingh,
|d 1936-
|
| 245 |
1 |
0 |
|a Graph theory with applications to engineering and computer science.
|
| 260 |
|
|
|a Englewood Cliffs, N.J. ;
|a New Delhi :
|b Prentice-Hall,
|c 1974 [Reprinted 2004]
|
| 300 |
|
|
|a xvii, 478 p.
|b illus.
|c 24 cm.
|
| 490 |
0 |
|
|a Prentice-Hall series in automatic computation
|
| 504 |
|
|
|a Includes bibliographical references and index.
|
| 541 |
1 |
|
|e 00013570
|
| 650 |
|
0 |
|a Graph theory.
|
| 852 |
4 |
|
|a Ayesha Abed Library
|j General shelf
|
| 999 |
|
|
|c 11099
|d 11099
|
| 952 |
|
|
|0 0
|1 0
|2 ddc
|4 0
|6 511_500000000000000_DEO
|7 0
|9 17481
|a BRACUL
|b BRACUL
|c GEN
|d 2011-07-16
|g 417.20
|l 5
|m 61
|o 511.5 DEO
|p 3010013570
|r 2024-01-22
|s 2023-09-11
|t 1
|w 2011-07-16
|y BK
|x RS-350.00
|